Diseño de un proceso de secado para los lodos centrifugados provenientes del sistema de tratamiento de lodos de la Planta de Tratamiento de Agua Residual Los Tajos.
Shranjeno v:
| Glavni avtor: | |
|---|---|
| Drugi avtorji: | |
| Format: | Knjiga |
| Jezik: | Spanish |
| Izdano: |
San José, Costa Rica
2019
|
| Teme: | |
| Oznake: |
Označite
Brez oznak, prvi označite!
|
MARC
| LEADER | 00000nam a22000007a 4500 | ||
|---|---|---|---|
| 003 | 013007 | ||
| 005 | 20230524153958.0 | ||
| 008 | 190403b2019 c a|||| m||| 00| ||spa d | ||
| 040 | |c cru CEDI | ||
| 100 | |9 16292 |a Morera Rodríguez, Mauricio | ||
| 245 | |a Diseño de un proceso de secado para los lodos centrifugados provenientes del sistema de tratamiento de lodos de la Planta de Tratamiento de Agua Residual Los Tajos. | ||
| 260 | |a San José, Costa Rica |c 2019 | ||
| 500 | |a Proyecto de graduación(licenciatura en ingeniería química)--Universidad de Costa Rica. Facultad de Ingeniería. Escuela de Ingeniería Química | ||
| 501 | |a Director de Proyecto de Graduación: Ing. Manuel Molina Córdoba | ||
| 650 | |x TRATAMIENTO DE LODOS |x DESHIDRATACION DE LODOS |x LODOS RESIDUALES |x PLANTAS PARA TRATAMIENTO DE AGUAS RESIDUALES - COSTA RICA |x SECADO | ||
| 700 | |9 559 |a Molina Córdoba, Manuel Enrique, 1948- |d Director del TFG | ||
| 942 | |c CEDI |h TFG 8157 |6 TFG_8157_000000000000000 | ||
| 999 | |c 21647 |d 21647 | ||
